00234 a2200121 4500001000700000020000600007040001100013100001800024240002900042245002400071300000800095362000900103192177 a  cMagnum aCoelho, Paulo10aO livro dos manuaislpor10aO livro dos manuais a1110 a2008